00650 2200241 4500001002100000005001700021008004100038020001800079035002400097082001100121090001800132100001500150245007400165250001100239260004200250300002700292650002500319850001500344980001300359985000600372999001500378999001500393YOGYA-0209000001182120090227022150.0 ind  a979-511-336-4 0010-020900000011821 a351.72 a351.72bZai A aZAINAL A.Z aAnalisis bangunan menghitung anggaran biaya bangunancoleh Zainal A.Z aCet. 2 aJakartabGramedia Pustaka Utamac1993 ax, 90 hlmbilusc21 cm aAnggaran pembangunan aYOPDYOG(B) a05-10-20 a2 a95P0061537 a95P0061538